000 01408nam a2200349 a 4500
001 ebr10170891
003 CaPaEBR
006 m u
007 cr cn|||||||||
008 040107s2004 ctu sb 001 0 eng
010 _z 2004040695
020 _z0300100108 (cloth : alk. paper)
040 _aCaPaEBR
_cCaPaEBR
035 _a(OCoLC)182530178
041 1 _aeng
_afre
_hfre
050 1 4 _aPQ1170.E6
_bY35 2004eb
082 0 4 _a841/.9108
_222
245 0 4 _aThe Yale anthology of twentieth-century French poetry
_h[electronic resource] /
_cedited by Mary Ann Caws.
246 3 _aYale anthology of 20th-century French poetry
246 3 0 _aFrench poetry
260 _aNew Haven :
_bYale University Press,
_cc2004.
300 _axliii, 646 p.
504 _aIncludes bibliographical references (p. [613]-615) and indexes.
533 _aElectronic reproduction.
_bPalo Alto, Calif. :
_cebrary,
_d2013.
_nAvailable via World Wide Web.
_nAccess may be limited to ebrary affiliated libraries.
546 _aEnglish and French on facing pages.
650 0 _aFrench poetry
_y20th century
_vTranslations into English.
650 0 _aFrench poetry
_y20th century.
655 7 _aElectronic books.
_2local
700 1 _aCaws, Mary Ann.
710 2 _aebrary, Inc.
856 4 0 _uhttp://site.ebrary.com/lib/rucke/Doc?id=10170891
_zAn electronic book accessible through the World Wide Web; click to view
999 _c139660
_d139660